Elementos de patología quirúrgica / (Record no. 160612)

MARC details
000 -LEADER
campo de control de longitud fija 01043nam a2200253 i 4500
001 - NÚMERO DE CONTROL
campo de control 160612
003 - IDENTIFICADOR DE NÚMERO DE CONTROL
campo de control ES-MaACL
005 - FECHA Y HORA DE LA ÚLTIMA TRANSACCIÓN
campo de control 20251005063125.0
008 - DATOS DE LONGITUD FIJA--INFORMACIÓN GENERAL
campo de control de longitud fija 940301m18761878sp a |||| | spa d
040 ## - FUENTE DE CATALOGACIÓN
Centro catalogador/agencia de origen AS
Lengua de catalogación spa
080 ## - NÚMERO DE LA CLASIFICACIÓN DECIMAL UNIVERSAL
Número de la Clasificación Decimal Universal 617
100 1# - ENTRADA PRINCIPAL--NOMBRE DE PERSONA
Nombre de persona Nélaton, Auguste,
Fechas asociadas al nombre 1807-1873
9 (RLIN) 130564
245 10 - MENCIÓN DEL TÍTULO
Título Elementos de patología quirúrgica /
Mención de responsabilidad, etc. por A. Nélaton ; versión española de Ramón Serret Comín y Manuel M. Carreras Sanchís.
250 ## - MENCION DE EDICION
Mención de edición 2ª ed., considerablemente aum.
260 ## - PUBLICACIÓN, DISTRIBUCIÓN, ETC.
Lugar de publicación, distribución, etc. Madrid :
Nombre del editor, distribuidor, etc. [s.n.],
Fecha de publicación, distribución, etc. 1876-1878 (
Fabricante Imp. de los Señores Rojas)
300 ## - DESCRIPCIÓN FÍSICA
Extensión 6 v. (791 ; 879 ; 800 ; 812 ; 798 ; 914 p.) :
Otras características físicas il. ;
Dimensiones 24 cm.
596 ## - NOTA AL PIE DE IMPRENTA
NOTA AL PIE DE IMPRENTA Tomos V y VI impresos en Imp. de Enrique Teodoro.
650 #4 - PUNTO DE ACCESO ADICIONAL DE MATERIA--TÉRMINO DE MATERIA
Término de materia o nombre geográfico como elemento de entrada Patología quirúrgica.
9 (RLIN) 136666
700 1# - ENTRADA AGREGADA--NOMBRE PERSONAL
Nombre de persona Serret Comín, Ramón.
9 (RLIN) 105834
700 1# - ENTRADA AGREGADA--NOMBRE PERSONAL
Nombre de persona Carreras Sanchís, Manuel.
9 (RLIN) 35680
852 ## - LOCALIZACIÓN
Ubicación ES-MaACL
Número de control de estantería G-14772-77
Nota libre - Enc. hol.
852 ## - LOCALIZACIÓN
Ubicación ES-MaACL
Número de control de estantería L-31461
Nota libre . - Donat. herederos de la bibl. de Mª del Pilar Costa Palacín
Holdings
Estatus retirado Estado de pérdida Estado de daño No para préstamo Colección Biblioteca de origen Biblioteca actual Ubicación en estantería Fecha de adquisición Fuente de adquisición Total de préstamos Signatura topográfica completa Código de barras Visto por última vez Precio de reemplazo Tipo de ítem Koha
        Libros del s. XIX Biblioteca del Ateneo de Madrid Biblioteca del Ateneo de Madrid Depósito 2 21/04/2017     L-31461 (v. 3) 1197434 23/02/2023 23/02/2023 Libro impreso antiguo
        Libros del s. XIX Biblioteca del Ateneo de Madrid Biblioteca del Ateneo de Madrid Sala Pecera Planta 3 17/01/2008     G-14772-77 1168173 23/02/2023 23/02/2023 Libro impreso antiguo